[Event "Struga Lake Queen U14 op"]
[Site "Struga"]
[Date "2022.09.11"]
[Round "7"]
[White "Recica, Jona"]
[Black "Palikov, Kaloyan"]
[Result "1/2-1/2"]
[WhiteElo "1176"]
[BlackElo "1152"]
[PlyCount "120"]
[EventDate "2022.09.07"]
[EventType "swiss"]
[EventRounds "7"]
[EventCountry "MKD"]
[SourceTitle "EXT 2023"]
[Source "ChessBase"]
[SourceDate "2022.10.05"]
[SourceVersion "1"]
[SourceVersionDate "2022.10.05"]
[SourceQuality "1"]

1. e4 c5 2. Nf3 d6 3. d4 cxd4 4. Nxd4 Nf6 5. Nc3 g6 6. Be3 Bg7 7. f3 0-0 8. Qd2 Nc6 9. 0-0-0 d5 10. Nxc6 bxc6 11. exd5 Nxd5 12. Nxd5 cxd5 13. Qxd5 Qc7 14. Qc5 Qb7 15. Qb5 Qxb5 16. Bxb5 Rb8 17. Bc4 Bxb2+ 18. Kd2 a5 19. g4 Bb7 20. Ke2 Bc6 21. h4 Bb5 22. Bxb5 Rxb5 23. Rb1 Rfb8 24. a4 R5b7 25. h5 Bg7 26. Rxb7 Rxb7 27. Rd1 f5 28. Rd5 Bc3 29. hxg6 hxg6 30. gxf5 gxf5 31. Rxf5 Kg7 32. Bd2 Rc7 33. Bxc3+ Rxc3 34. Kd2 Ra3 35. Rf4 e5 36. Re4 Kf6 37. Re3 Rxa4 38. Kc1 Ke6 39. Rd3 Rf4 40. Kb2 e4 41. fxe4 Rxe4 42. Kb3 Rb4+ 43. Ka3 Rc4 44. Kb3 Rb4+ 45. Ka2 Rc4 46. Kb1 Ke5 47. Kb2 Rb4+ 48. Ka3 Rc4 49. c3 a4 50. Kb2 Ke4 51. Rh3 Kd5 52. Rh5+ Ke4 53. Rh3 Kd5 54. Ka3 Ke4 55. Ka2 Kd5 56. Kb2 Ke5 57. Rh8 Kd5 58. Rb8 Kc5 59. Rc8+ Kb5 60. Rxc4 Kxc4 1/2-1/2

[Event "Struga Lake Queen U14 op"]
[Site "Struga"]
[Date "2022.09.10"]
[Round "6"]
[White "Palikov, Kaloyan"]
[Black "Naskov, Malachi"]
[Result "1-0"]
[WhiteElo "1152"]
[BlackElo "1317"]
[PlyCount "45"]
[EventDate "2022.09.07"]
[EventType "swiss"]
[EventRounds "7"]
[EventCountry "MKD"]
[SourceTitle "EXT 2023"]
[Source "ChessBase"]
[SourceDate "2022.10.05"]
[SourceVersion "1"]
[SourceVersionDate "2022.10.05"]
[SourceQuality "1"]

1. e4 c6 2. c4 g6 3. Nc3 Bg7 4. d4 Qa5 5. Nf3 d5 6. cxd5 cxd5 7. exd5 Nf6 8. Bc4 0-0 9. h3 Ne4 10. Bd2 Nd7 11. Nxe4 Qb6 12. Bc3 Qd8 13. 0-0 Nb6 14. Bb3 Nxd5 15. Rc1 Bf5 16. Ng3 Bc8 17. Re1 e6 18. Bd2 Nb6 19. Be3 Qe7 20. Qd2 Rd8 21. Bg5 f6 22. Rxc8 Nxc8 23. Rxe6 1-0

[Event "Struga Lake Queen U14 op"]
[Site "Struga"]
[Date "2022.09.09"]
[Round "4"]
[White "Palikov, Kaloyan"]
[Black "Nikolovski, Mihail"]
[Result "1/2-1/2"]
[WhiteElo "1152"]
[BlackElo "1211"]
[PlyCount "86"]
[EventDate "2022.09.07"]
[EventType "swiss"]
[EventRounds "7"]
[EventCountry "MKD"]
[SourceTitle "EXT 2023"]
[Source "ChessBase"]
[SourceDate "2022.10.05"]
[SourceVersion "1"]
[SourceVersionDate "2022.10.05"]
[SourceQuality "1"]

1. e4 e5 2. Nf3 Nc6 3. Bb5 a6 4. Ba4 Nf6 5. 0-0 b5 6. Bb3 Be7 7. c3 0-0 8. Re1 Na5 9. Nxe5 d6 10. Nf3 Bg4 11. d4 Nxb3 12. axb3 c5 13. h3 Bh5 14. Bf4 Re8 15. Nbd2 cxd4 16. cxd4 Qb6 17. Qe2 Rac8 18. Qd3 d5 19. e5 Bg6 20. Qe3 Ne4 21. Nxe4 Bxe4 22. Ng5 Bxg5 23. Bxg5 h6 24. Bf4 Qg6 25. f3 Bf5 26. g4 Bd7 27. Rac1 Rc2 28. Rxc2 Qxc2 29. Rc1 Qxb2 30. Rc7 Be6 31. h4 Rc8 32. Rxc8+ Bxc8 33. Qc1 Qxd4+ 34. Be3 Qb4 35. Qxc8+ Kh7 36. Qf5+ Kg8 37. Qc8+ Kh7 38. Qf5+ Kg8 39. Qc8+ Kh7 40. Kg2 Qxb3 41. Qf5+ Kg8 42. Qc8+ Kh7 43. Qf5+ Kg8 1/2-1/2